Which Country Is The Brand From? - Statistics

General Stats
  • This quiz has been taken 55 times
  • The average score is 9 of 15
Answer Stats
Question Answer % Correct
Which Country is Tim Hortons from? Canada
80%
Which country is Chanel from? France
80%
Which country is Nintendo from? Japan
80%
Which country is Volvo from? Sweden
80%
Which country is O2 from? United Kingdom
80%
Which country is Amazon from United States
80%
Which Country is Samsung from? South Korea
60%
Which Country is Zara from? Spain
60%
Which Country is Nestle from? Switzerland
60%
Which Country is Red Bull from? Austria
40%
Which country is Škoda Auto from? Czech Republic
40%
Which country is Nivea from? Germany
40%
Which Country is Spar from? Netherlands
40%
Which Country is Dacia from? Romania
40%
Which Country is Gazprom from? Russia
40%
No matching quizzes found
Score Distribution
Percent of People with Each Score
Percentile by Number Answered
Your Score History
You have not taken this quiz